000 00246nmm a2200085Ia 4500
008 220120s9999||||xx |||||||||||||||||und||
100 _aPCQ
245 0 _aPCQ-AUG : Top 20 linux destors, 10 exame guide samplers, the
260 _aCyber tach publication
999 _c139701
_d139701